| 000 | 00393nam a2200157Ia 4500 | ||
|---|---|---|---|
| 008 | 160316s1995 xxu||||| |||| 00| 0 eng d | ||
| 082 |
_a363.200000 _bSEN |
||
| 100 | _aSengupta Sunitha Singh | ||
| 245 | _aWork culture in police administration | ||
| 250 | _a | ||
| 260 |
_aNew Delhi _bAshish Publishing House _c1995 |
||
| 300 |
_a219p _b _c |
||
| 365 | _bRs.400/- | ||
| 650 | _a | ||
| 700 |
_a _a |
||
| 999 |
_c8181 _d8181 |
||